| 000 | 00691nam a2200253 a 4500 | ||
|---|---|---|---|
| 001 | nice12345678 | ||
| 003 | IN_TiNIC | ||
| 005 | 20260116012627.0 | ||
| 008 | 050524s1980 coca grp 000 0 eng | ||
| 020 |
_a _c20 |
||
| 082 | 0 | 0 |
_a261.2 _bEMP |
| 100 | _aEmprayil, Thomas | ||
| 245 |
_aEmerging Theology of Religions _b Contribution of the Catholic Church in Indi |
||
| 260 |
_aCochin _bVincentain Publishing Bureau _c1980 |
||
| 300 | _a212p | ||
| 500 | _aincludes index and biblioraphy | ||
| 505 | 2 | _aBibliography | |
| 650 | _aChristianity and Other Religions | ||
| 650 | _aTheology-Religion | ||
| 700 | 1 | _aEmprayil, Thomas | |
| 902 | _bSRS | ||
| 942 | _cBK | ||
| 999 |
_c7727 _d7727 |
||